Flagi państw świata z kolorem brązowym - Statystyki

Ogólne statystyki
  • Ten quiz został rozwiązany 14 razy
  • Średni wynik to 2 z 11
Statystyki odpowiedzi
Hint Odpowiedź % Poprawnych
Państwo ameryki północnej Meksyk
83%
Państwo na Karaibach Dominika
58%
Ekwador
17%
Andora
8%
Panstwo na Karaibach Belize
8%
Fidżi
8%
Gwatemala
8%
Gwinea równikowa
8%
San marino
8%
Mołdawia
0%
Zambia
0%
Nie znaleziono quizów pasujących do podanych kryteriów
Rozkład punktacji
Procent ludzi z każdym wynikiem
Percentyl według liczby udzielonych odpowiedzi
Twoja historia wyników
Nie rozwiązałeś tego quizu